Введение в экономику недвижимости: учебное пособие для вузов

Bibliografske podrobnosti
Glavni avtor: Иваницкая И. П. Ираида Петровна
Drugi avtorji: Яковлев А. Е. Анатолий Егорович
Izvleček:Учебное пособие написано в соответствии с Государственным образовательным стандартом высшего профессионального образования и программой учебного курса «Экономика недвижимости». В нем рассматриваются теоретические и методологические основы экономики недвижимости, ее рынок, виды сделок, управление, способы и методы оценки. Особое внимание уделено государственному регулированию рынка недвижимости и предпринимательской деятельности на рынке недвижимости. Для студентов экономических специальностей вузов, колледжей, а также для аспирантов и преподавателей указанных учреждений.
Jezik:ruščina
Izdano: Москва, КноРус, 2010
Izdaja:2-е изд., перераб. и доп.
Teme:
Format: Knjiga
KOHA link:https://koha.lib.tpu.ru/cgi-bin/koha/opac-detail.pl?biblionumber=170154

MARC

LEADER 00000nam0a2200000 4500
001 170154
005 20231101222854.0
010 |a 9785406001110 
035 |a (RuTPU)RU\TPU\book\184530 
035 |a RU\TPU\book\114524 
090 |a 170154 
100 |a 20061201d2010 m y0rusy50 ca 
101 0 |a rus 
102 |a RU 
105 |a y j 001zy 
200 1 |a Введение в экономику недвижимости  |e учебное пособие для вузов  |f И. П. Иваницкая, А. Е. Яковлев 
205 |a 2-е изд., перераб. и доп. 
210 |a Москва  |c КноРус  |d 2010 
215 |a 240 с. 
320 |a Библиогр.: с. 235-236. 
320 |a Словарь основных терминов: с. 212-234. 
330 |a Учебное пособие написано в соответствии с Государственным образовательным стандартом высшего профессионального образования и программой учебного курса «Экономика недвижимости». В нем рассматриваются теоретические и методологические основы экономики недвижимости, ее рынок, виды сделок, управление, способы и методы оценки. Особое внимание уделено государственному регулированию рынка недвижимости и предпринимательской деятельности на рынке недвижимости. Для студентов экономических специальностей вузов, колледжей, а также для аспирантов и преподавателей указанных учреждений. 
451 1 |0 (RuTPU)RU\TPU\book\114524  |y 5-85971-718-0  |t Введение в экономику недвижимости  |o учебное пособие для вузов  |f И. П. Иваницкая, А. Е. Яковлев  |c М.  |n КноРус  |d 2007  |p 184 с.  |a Иваницкая, Ираида Петровна 
606 1 |a Недвижимость  |x Экономика  |2 stltpush  |3 (RuTPU)RU\TPU\subj\67549  |9 83306 
610 1 |a правовые основы 
610 1 |a рынок недвижимости 
610 1 |a сделки 
610 1 |a государственное регулирование 
610 1 |a предпринимательская деятельность 
610 1 |a учебные пособия 
610 1 |a недвижимое имущество 
610 1 |a налогообложение 
686 |a У9(2)422.5я73  |v LBC/SL-A  |2 rubbk 
700 1 |a Иваницкая  |b И. П.  |g Ираида Петровна 
701 1 |a Яковлев  |b А. Е.  |g Анатолий Егорович 
801 1 |a RU  |b 63413507  |c 20091120 
801 2 |a RU  |b 63413507  |c 20160115  |g RCR 
900 |a Экономика недвижимости 
942 |c BK 
952 |a 521600  |b 080507 
959 |a 116/20091120  |d 2  |e 100,00  |f АНЛ:1  |f ЧЗГЛ:1 
959 |a 50/20100823  |d 15  |e 130,00  |f УФ:15